[Event "Rheinland Pfalz op 7th"]
[Site "Frankenthal"]
[Date "2015.06.07"]
[Round "7"]
[White "Geisert, Bernd"]
[Black "Tschernych, Stephan"]
[Result "1-0"]
[WhiteElo "1631"]
[BlackElo "1005"]
[PlyCount "45"]
[EventDate "2015.06.04"]
[EventType "swiss"]
[EventRounds "7"]
[EventCountry "GER"]
[SourceTitle "EXT 2017"]
[Source "ChessBase"]
[SourceDate "2016.10.25"]
[SourceVersion "1"]
[SourceVersionDate "2016.10.25"]
[SourceQuality "1"]

1. d4 e6 2. Nf3 Nf6 3. e3 d5 4. Bd3 Nc6 5. c3 Bd7 6. Nbd2 Bd6 7. 0-0 0-0 8. Re1 Ne7 9. e4 dxe4 10. Nxe4 Nxe4 11. Bxe4 c6 12. Bc2 c5 13. dxc5 Bxc5 14. Be3 Bxe3 15. Rxe3 Bb5 16. Qe1 Nd5 17. Rd1 Qa5 18. Re4 Qxa2 19. Rh4 f5 20. Qxe6+ Kh8 21. Ng5 h6 22. Rxh6+ gxh6 23. Qxh6+ 1-0

[Event "Rheinland Pfalz op 7th"]
[Site "Frankenthal"]
[Date "2015.06.06"]
[Round "6"]
[White "Tschernych, Stephan"]
[Black "Scheffler, Juergen"]
[Result "1/2-1/2"]
[WhiteElo "1005"]
[BlackElo "1529"]
[PlyCount "124"]
[EventDate "2015.06.04"]
[EventType "swiss"]
[EventRounds "7"]
[EventCountry "GER"]
[SourceTitle "EXT 2017"]
[Source "ChessBase"]
[SourceDate "2016.10.25"]
[SourceVersion "1"]
[SourceVersionDate "2016.10.25"]
[SourceQuality "1"]

1. d4 d5 2. c4 e6 3. Nc3 Nf6 4. Bg5 Be7 5. Bxf6 Bxf6 6. e3 c6 7. Nf3 Nd7 8. Be2 0-0 9. 0-0 Re8 10. cxd5 cxd5 11. Rc1 Rb8 12. Qa4 a6 13. a3 b5 14. Qc2 Bb7 15. Bd3 g6 16. Rfe1 Rc8 17. Qd2 Ba8 18. Rcd1 Nb6 19. b3 Qd6 20. Qb2 Rc7 21. e4 e5 22. dxe5 Bxe5 23. Nxe5 Qxe5 24. exd5 Qxe1+ 25. Rxe1 Rxe1+ 26. Bf1 Nxd5 27. Nxd5 Rcc1 28. h3 Rxf1+ 29. Kh2 Bxd5 30. b4 Rg1 31. f3 h5 32. h4 Be6 33. Kg3 Bf5 34. Qf6 Rcd1 35. Qxa6 Rd2 36. Qxb5 Rgxg2+ 37. Kf4 Rd4+ 38. Ke5 Rgd2 39. Qa4 Rd5+ 40. Kf6 Rd6+ 41. Kg5 Kg7 42. Kf4 R2d4+ 43. Ke3 Rxh4 44. Qa5 Re6+ 45. Kf2 Rh2+ 46. Kg3 Rh3+ 47. Kf4 Rf6 48. b5 Be6+ 49. Ke5 Rhxf3 50. a4 R3f5+ 51. Kd6 Bc8+ 52. Kc7 Rc5+ 53. Kb8 Rd6 54. Qa7 Rdd5 55. b6 Be6 56. Qa6 Ra5 57. Qf1 Rxa4 58. b7 Rb4 59. Kc7 Rd7+ 60. Kc8 Rbxb7 61. Qa1+ Kg8 62. Qh8+ Kxh8 1/2-1/2

[Event "Rheinland Pfalz op 7th"]
[Site "Frankenthal"]
[Date "2015.06.04"]
[Round "1"]
[White "Tschernych, Stephan"]
[Black "Scholz, Philipp"]
[Result "0-1"]
[WhiteElo "1005"]
[BlackElo "1942"]
[PlyCount "40"]
[EventDate "2015.06.04"]
[EventType "swiss"]
[EventRounds "7"]
[EventCountry "GER"]
[SourceTitle "EXT 2017"]
[Source "ChessBase"]
[SourceDate "2016.10.25"]
[SourceVersion "1"]
[SourceVersionDate "2016.10.25"]
[SourceQuality "1"]

1. e4 e6 2. d4 d5 3. e5 c5 4. c3 Bd7 5. Qb3 Nc6 6. Nf3 Nge7 7. Bg5 Qb6 8. Qxb6 axb6 9. Nbd2 Nf5 10. Nh4 Nxh4 11. Bxh4 cxd4 12. cxd4 Nxd4 13. f4 Nc2+ 14. Kf2 Bc5+ 15. Kf3 Nxa1 16. Bd3 Rxa2 17. Bf2 0-0 18. Bxc5 bxc5 19. Bb1 Rxb2 20. Rd1 Ba4 0-1